Handbook of Research on Comparative Human Resource Management
Gespeichert in:
| Weitere Verfasser: | , , |
|---|---|
| Format: | Buch |
| Sprache: | Englisch |
| Veröffentlicht: |
Cheltenham
Edward Elgar Publishing
2019
|
| Ausgabe: | 2nd Edition |
| Schlagworte: | |
| Tags: |
Keine Tags, Fügen Sie das erste Tag hinzu!
|
MARC
| LEADER | 00000nam a2200000 4500 | ||
|---|---|---|---|
| 001 | 0269798 | ||
| 005 | 20240221115923.7 | ||
| 020 | |a 978-1-78471-136-8 | ||
| 020 | |a 978-1-78471-113-9 | ||
| 041 | 0 | |a eng | |
| 044 | |a GB | ||
| 245 | 1 | 0 | |a Handbook of Research on Comparative Human Resource Management |c edited by: Chris Brewster, Wolfgang Mayrhofer, Elaine Farndale |
| 250 | |a 2nd Edition | ||
| 264 | 1 | |a Cheltenham |b Edward Elgar Publishing |c 2019 | |
| 300 | |a 662 s. | ||
| 610 | 2 | 0 | |a riadenie ľudských zdrojov |
| 610 | 2 | 0 | |a výskum aplikovaný |
| 610 | 2 | 0 | |a výskum |
| 610 | 2 | 0 | |a kultúra |
| 610 | 2 | 0 | |a prognózy |
| 700 | 1 | |a Brewster, Chris | |
| 700 | 1 | |a Mayrhofer, Wolfgang | |
| 700 | 1 | |a Farndale, Elaine | |